000
00313nam a2200133Ia 4500
005
20251222153558.0
008
251222s9999||||xx |||||||||||||| ||spa||
082
_a
658.151/E92
100
_a
Estupiñan Gaitán, Rodrigo
245
0
_a
Estados Financieros:
250
_a
1ra.ed.
264
_b
Macro
942
_c
LIB
999
_c
31126
_d
31126